000 00565nam a22002057a 4500
003 OSt
005 20140310182802.0
008 130213t xxu||||| |||| 00| 0 eng d
020 _a9780071312080
050 _aQE 26.3
_b.M478 2010
082 _aM550
_bM479 2010
245 _aThe good earth :
_cMcConnell, David
_bintroduction to earth science /
260 _aBoston :
_bMcGraw-Hill,
_c2010.
300 _axxiv, 536 p. :
_c26 cm
_bill. :
521 _acollege students
526 _c1210L-1700L
541 _j1
562 _e1
942 _2lcc
_cBK
_kM
999 _c16014
_d16014